Sistema de Información para los Negocios/ (Registro nro. 9118)

Detalles MARC
000 -LEADER
fixed length control field 01597nam a2200217Ia 4500
005 - FECHA Y HORA DE LA ÚLTIMA TRANSACCIÓN
control field 20230905103529.0
008 - FIXED-LENGTH DATA ELEMENTS--GENERAL INFORMATION
fixed length control field 230903s9999 xx 000 0 und d
020 ## - INTERNATIONAL STANDARD BOOK NUMBER
International Standard Book Number 9701046528
040 ## - CATALOGING SOURCE
Original cataloging agency UPAN
Transcribing agency Biblioteca San Vicente
Description conventions RCAA2
041 ## - LANGUAGE CODE
Language code of text/sound track or separate title spa
082 ## - DEWEY DECIMAL CLASSIFICATION NUMBER
Classification number 658.403 8
Item number C644s
año de publicación 2005
100 ## - MAIN ENTRY--PERSONAL NAME
Personal name Cohen Caren Daniel
Relator code aut.
245 #0 - TITLE STATEMENT
Title Sistema de Información para los Negocios/
Remainder of title Daniel Cohen Karen
250 ## - EDITION STATEMENT
Edition statement 4º ed.
260 ## - PUBLICATION, DISTRIBUTION, ETC. (IMPRINT)
Place of publication, distribution, etc Mexico:
Name of publisher, distributor, etc Mc Graw Hill,
Date of publication, distribution, etc 2005
300 ## - PHYSICAL DESCRIPTION
Extent 346 p.;
Dimensions 24 cm.
505 ## - FORMATTED CONTENTS NOTE
Formatted contents note Módulo primero. Tecnologías de información en los negocios <br/>1. Principios básicos de los sistemas de información en los negocios<br/>2. La estrategia de negocios y las tecnologías de información<br/>3. El comercio electrónico: una estrategia fundamental en los negocios<br/>4. Los sistemas de información y la sociedad<br/>Módulo segundo. Tecnologías de información: infraestructura<br/>5. Tecnologías de información para los negocios: hardware y software <br/>6. telecomunicaciones y redes en los negocios<br/>7. Internet<br/>8. Administración de datos<br/>Módulo tercero. Tecnologías de información: en la toma de decisiones<br/>9. Sistemas de soporte para la toma de decisiones <br/>10. Sistemas de información para ejecutivos <br/>11. Inteligencia artificial en los negocios <br/>Módulo cuarto. Enfoques para la adquisición de tecnologías de información<br/>12. Desarrollo de proyectos de tecnologías de información <br/>13. Adquisición de recursos computacionales
650 ## - SUBJECT ADDED ENTRY--TOPICAL TERM
Source of heading or term LEMB
General subdivision Sistemas de información en administración
700 ## - ADDED ENTRY--PERSONAL NAME
Personal name Asín Lares Enrique
Relator code col.
942 ## - ADDED ENTRY ELEMENTS (KOHA)
Koha item type Libros
Source of classification or shelving scheme Dewey Decimal Classification
Existencias
Withdrawn status Lost status Source of classification or shelving scheme Damaged status Not for loan Collection code Home library Current library Date acquired Total Checkouts Full call number Barcode Date last seen Copy number Price effective from Koha item type
    Dewey Decimal Classification     Colección General Biblioteca UPAN San Vicente Biblioteca UPAN San Vicente 03/09/2023   658.403 8 C644s 12001747 03/09/2023 01 03/09/2023 Libros
    Dewey Decimal Classification     Colección General Biblioteca UPAN San Vicente Biblioteca UPAN San Vicente 03/09/2023   658.403 8 C644s 12001748 05/09/2023 02 03/09/2023 Libros